Google - ¿Por qué tal país…? #1 - Estadísticas

Estadísticas generales
  • Esta prueba ha sido intentada 3.152 veces
    3.117 desde el último reinicio
  • La puntuación promedio es 9 de 16
Estadísticas de respuestas
Pregunta País % Correcto
…es dueña de las Islas Canarias? España
95%
…y no “Holanda”? Países Bajos
93%
…bombardeó Pearl Harbor? Japón
89%
…se separó de Argentina? Uruguay
81%
…e India se odian? Pakistán
70%
…pertenece a Europa? Turquía
69%
…se separó de China? Taiwán
68%
…y Albania se odian? Serbia
66%
…tiene primer ministro? Canadá
46%
…es más caro que Mauricio? Seychelles
45%
…es un país megadiverso? México
42%
…no usa el euro? Suecia
35%
…es tan rico? Emiratos Árabes Unidos
31%
…tiene tanta población? Nigeria
25%
…corre el riesgo de desaparecer inundado? Tuvalu
23%
…era el país más rico del mundo? Egipto
17%
No se encontraron pruebas coincidentes
Distribución de puntuación
Porcentaje de gente con cada puntuación
Porcentaje por número respondido
Historial de tus puntuaciones
No has intentado esta prueba desde el último reinicio